MARC

LEADER 00000nam0a2200000 4500
001 93819
005 20231031105400.0
035 |a (RuTPU)RU\TPU\book\100474 
090 |a 93819 
100 |a 20060403d1969 km y0rusy50 ca 
101 0 |a rus 
102 |a RU 
105 |a a z 001zy 
200 1 |a Экспериментальное определение параметров и частотных характеристик автоматизированнных электроприводов  |f Ю. А. Борцов, Г. В. Суворов, Ю. С. Шестаков 
210 |a Ленинград  |c Энергия  |d 1969 
215 |a 104 с.  |c ил. 
225 1 |a Библиотека по автоматике  |h Вып. 366 
320 |a Библиогр.: с. 101-102. 
610 1 |a электротехника 
610 1 |a электроприводы 
610 1 |a автоматизированный электропривод 
610 1 |a частотные характеристики 
610 1 |a параметры 
610 1 |a определение 
610 1 |a эксперименты 
610 1 |a автоматические системы 
610 1 |a настройка 
675 |a 62-83-5  |v 3 
700 1 |a Борцов  |b Ю. А.  |g Юрий Анатольевич 
701 1 |a Суворов  |b Г. В.  |g Геннадий Васильевич 
701 1 |a Шестаков  |b Ю. С.  |g Юрий Степанович 
801 1 |a RU  |b 63413507  |c 20060403  |g PSBO 
801 2 |a RU  |b 63413507  |c 20140618  |g PSBO 
942 |c BK